Une femme est une femme = Une femme est une femme /
Tercer largometraje dirigido por Jean-Luc Godard, descrito por su propio autor -en una forma intencionadamente paradójica- como un "musical neorrealista": el delgado hilo de la trama tiene como protagonista a una atractiva bailarina de striptease, encarnada por la actriz Anna Karina, entonces compañ...
Na minha lista:
| Autor principal: | |
|---|---|
| Outros Autores: | , , , , , , , , , |
| Formato: | |
| Idioma: | francês |
| Publicado em: |
Roma, Italia :
Euro International Films,
1962, c1962
|
| Colecção: | (Optimum World. The Jean-Luc Godard Collection ;
2/2) |
| Assuntos: | |
| Tags: |
Sem tags, seja o primeiro a adicionar uma tag!
|
MARC
| LEADER | 00000ngm^a2200000^a^4500 | ||
|---|---|---|---|
| 001 | 000289453 | ||
| 005 | 20250521000000.0 | ||
| 009 | 20260310111939.818 | ||
| 037 | |a Acervo ITESO - Biblioteca | ||
| 041 | |a FRA | ||
| 082 | |a 840. |b GOD V. 2 T. 2 | ||
| 100 | |a Godard, Jean-Luc |e (realización) | ||
| 240 | 1 | 5 | |a [The Jean-Luc Godard Collection] |
| 240 | 1 | 4 | |a [Una mujer es una mujer] |
| 240 | 1 | 3 | |a [A Woman is a Woman] |
| 245 | 1 | 4 | |a Une femme est une femme = |b Une femme est une femme / |c Realización de J.L. Godard. |
| 246 | 2 | |a Título en México: Una mujer es una mujer [salas de cine] | |
| 246 | 2 | |a Título en México: Una dama es una dama [DVD] | |
| 264 | 4 | |a Roma, Italia : |b Euro International Films, |c 1962, c1962 | |
| 264 | 2 | |a Londres, Inglaterra : |b Optimum Releasing [distribución], |c 2007, c2007 | |
| 300 | |a 1 DVD región 2 PAL (80 min.) : |b color | ||
| 336 | |a imagen móvil bidimensional |b tdi |2 rdacontenido | ||
| 337 | |a video |b v |2 rdamedio | ||
| 338 | |a videodisco |b vd |2 rdasoporte | ||
| 440 | 1 | |a (Optimum World. |p The Jean-Luc Godard Collection ; |v 2/2) | |
| 520 | |a Tercer largometraje dirigido por Jean-Luc Godard, descrito por su propio autor -en una forma intencionadamente paradójica- como un "musical neorrealista": el delgado hilo de la trama tiene como protagonista a una atractiva bailarina de striptease, encarnada por la actriz Anna Karina, entonces compañera sentimental y musa del cineasta franco-suizo, quien desea tener un hijo y ante la discrepancia con su pareja, se encuentra en el proceso de cumplir sus anhelos maternos con el mejor amigo de éste; el trío de personajes es colocado a la sombra de las estrellas del cine musical norteamericano de las décadas de 1940 y 1950, al que Godard homenajea e interroga simultáneamente. Anécdota narrativa y propuesta formal confluyen en la preocupación y eje vertebral de toda la filmografía del director: el cine mismo. A notar que en esta presentación en DVD del sello inglés Optimum Releasing no ha sido traducido el título original en francés. | ||
| 520 | |a Suplementos y características especiales: 1) Presentación de Colin MacCabe, autor de Godard: retrato del artista a los setenta, libro publicado en 2003 (3 min.; en inglés, sin subtítulos); 2) Galería con 52 fotografías del rodaje y de la película y 3) Galería con ocho carteles y portadas de video, empleados para la promoción del filme en Alemania, Bélgica, Francia, Italia y Yugoslavia. | ||
| 545 | 0 | |a Jean-Luc Godard (París, 1930), uno de los integrantes centrales de la Nueva Ola Francesa, es muy probablemente el autor más influyente del cine mundial posterior a 1945 y al que con mayor facilidad se le identifica con el arte contemporáneo. Después de colaborar en publicaciones especializadas (entre ellas, por supuesto, la prestigiosa Cahiers du cinéma) y de filmar un quinteto de cortometrajes, Godard se revela en el panorama mundial con Sin aliento (1959), su opera prima, por la que recibe el Oso de Plata a la mejor dirección en el Festival de Berlín de 1960. Una mujer es una mujer (1961, Oso de Plata en Berlín), Vivir su vida (1962, Premio Especial del Jurado y Premio Pasinetti en el Festival de Venecia), Alphaville (1965, Oso de Oro a la mejor película en Berlín), Pierrot el loco (1965), Masculino femenino (1966), La china (1967), Tout va bien (1972), Prénom Carmen (1982, León de Oro a la mejor película en Venecia 1983), Yo te saludo María (1985) o Elogio del amor (2001) son representativas de las distintas fases de una filmografía caracterizada por la ruptura con las narrativas tradicionales y la innovación permanente y estimulante, que ha recibido el reconocimiento de festivales y de espectadores de todo el mundo. | |
| 546 | |a En francés, con subtítulos opcionales: inglés | ||
| 649 | |a XX | ||
| 650 | |a Mujeres en el Cine | ||
| 650 | |a Películas Musicales | ||
| 650 | |a Comedias Cinematográficas | ||
| 650 | |a Nouvelle Vague (Cine) | ||
| 650 | |a Cine en Blanco y Negro - |z Francia | ||
| 650 | |a Cine Francés - |y 1950-1959 | ||
| 650 | |a Cine Francés - |y 1960-1969 | ||
| 650 | |a Cine Francés - |y Siglo XX | ||
| 650 | |a Maternidad | ||
| 650 | |a Infidelidad | ||
| 650 | |a Relaciones de Pareja | ||
| 650 | |a Sexualidad | ||
| 650 | |a Amistad | ||
| 650 | |a Conflicto (Relaciones Personales) | ||
| 700 | |a Godard, Jean-Luc |e (guión) | ||
| 700 | |a Coutard, Raoul |e (fotógrafo) | ||
| 700 | |a Moreau, Jacqueline |e (vestuario) | ||
| 700 | |a Guillemot, Agnès |e (montaje) | ||
| 700 | |a Herman, Lila |e (montaje) | ||
| 700 | |a Legrand, Michel |e (música) | ||
| 700 | |a Brialy, Jean-Claude |e (actuación) | ||
| 700 | |a Anna Karina |e (actuación) | ||
| 700 | |a Belmondo, Jean-Paul |e (actuación) | ||
| 700 | |a MacCabe, Colin |e (presentación) | ||
| 910 | |a Fondo General | ||
| 920 | |a Audiovisuales - DVDs | ||
| 940 | |a Películas | ||
| 905 | |a 308 | ||
| 901 | |a 0900109031 |b IT2 |c DVR |u 20250521 | ||
| 902 | |a https://opac.biblio.iteso.mx/vufind/Record/000289453 | ||